| 000 | 00559nam a2200181Ia 4500 | ||
|---|---|---|---|
| 008 | 100920s9999 xx 000 0 und d | ||
| 082 |
_b94510 _a24 न 06 |
||
| 100 | _aचेेेस जेम्स हॅडली. | ||
| 245 | _aफ्रोझन डेथ. | ||
| 260 |
_bनंदादीप बुक ,सोलापूर. _c2006 |
||
| 300 |
_a104 _bसाधी |
||
| 365 | _b165 | ||
| 520 | _aसायो. | ||
| 630 | _aफ्रोझन डेथ. | ||
| 650 | _aसायो. | ||
| 730 | _aफ्रोझन डेथ. | ||
| 942 | _cBOOK | ||
| 999 |
_c734953 _d734950 |
||